| 000 | 00508nam a22001577a 4500 | ||
|---|---|---|---|
| 003 | NUST | ||
| 038 | _aNusrat Nadeem | ||
| 082 | _a200 | ||
| 100 |
_aZakria, Ayesha _916987 |
||
| 245 |
_aCenter of Mass Energy of Particles Around Some Black Hole Spacetimes/ _cAyesha Zakria, |
||
| 264 |
_aIslamabad: _bSNS NUST. _c2025. |
||
| 650 |
_aPhD-Mathematics _9123169 |
||
| 700 |
_aSupervisor: Prof. Azad Akhter Siddiqui _9123720 |
||
| 856 | _u http://10.250.8.41:8080/xmlui/handle/123456789/54960 | ||
| 942 |
_2ddc _cSC |
||
| 999 |
_c615742 _d615742 |
||